00805nam a22002417a 450000500170000001000130001702000220003003500130005203700160006504000120008108200130009310000260010624500570013226000420018927000270023130000260025850000190028465000740030365000200037794200220039799900190041995201250043820170124110215.0 aA-005263 c00.00a0297778056 aA-005263 bCen Lib/Ret aDPLbEN a9212HOU aHough, Richard938874 aMountbatten : cby Richard Houghbhero of our time / aLondonbWeidenfeld and Nicolsonc1980 a91 Clapham High Street axii, 290p. c22cm(Hb) aIncludes index aMountbatten of Burma, Louis Mountbatten, -- Earl, -- 1900-1979992202 aViceroys938876 2ddccENh921mHOU c133773d133773 001040718REFaLbLd2015-07-27eCen Lib/Retg0.00l0o921 MOUpA-005263r2015-07-27 00:00:00t1v0.00w2016-09-15yEN